| RUSMARC |
| 000 | | | 03869nmc2a22002653x 450 | | 001 | | | 9ebc0ee1-1494-4515-9484-2c8b65a89b8f | | 005 | | | 20220701142708.0 | | 100 | ## | $a | 20220622l19001904k y0rusy50 ca | | 101 | 0# | $a | ger | | 102 | ## | $a | RU | | 105 | ## | $a | y z |||e| | | 122 | 2# | $a | d19001231 | | | $a | d19041231 | | 200 | 1# | $a | Письма Иоселовича | | | $j | 1900-1904 | | 215 | ## | $a | 114 листов | | | $c | фот. | | 251 | ## | $c | Дело | | 300 | ## | $a | Текст на немецком языке | | 300 | ## | $a | Листы: 60 - вырезки из газет; 5, 29, 38, 41, 57, 62, 100, 102, 103, 110, 111 - открытки; 2 - фотография; 1 - конверт; 100 - оторвана марка | | 300 | ## | $a | Рукописный и типографский текст | | 461 | #0 | $1 | 00146f31c0b-2482-4a55-a7be-cfce92df5576 | | | $1 | 2001 | | | $a | Энгельгардт Василий Павлович, барон, астроном, музыкант, собиратель материалов о А. В. Суворове | | | $1 | 251 | | | $c | Фонд | | | $1 | 852 | | | $j | 1824 | | 462 | #0 | $1 | 0017889321c-552f-4516-aff1-d25a6bed3147 | | | $1 | 2001 | | | $a | Дела постоянного хранения. 1898-1912 гг. | | | $v | Д. 25 | | | $1 | 251 | | | $c | Опись | | | $1 | 852 | | | $j | 1 | | 600 | #1 | $a | Энгельгардт | | | $b | В. П. | | | $c | барон | | | $g | Василий Павлович | | 600 | #1 | $a | Иоселович | | 801 | #0 | $a | RU | | | $b | GA_RF | | 801 | #1 | $a | RU | | | $b | ГлавНИВЦ | | | $c | 20220622 | | | $2 | rusmarc | | 801 | #2 | $a | RU | | | $b | ПБ им. Б.Н. Ельцина | | | $c | 20220701 | | | $g | RCR | | | $2 | rusmarc | | 852 | ## | $a | ГА РФ | | | $j | 25 | | 937 | ## | $d | 176995929 | | | $h | ГАРФ | | 035 | ## | $a | RuPRLIB51067618 | | 856 | ## | $u | http://readingroom.main.prlib.ru/item.aspx?id_node=n176995929&mode=full |
|